Historia de la Cultura / (Record no. 60690)

MARC details
000 -LEADER
campo de control de longitud fija 00916nam a2200205 i 4500
001 - NÚMERO DE CONTROL
campo de control 60690
003 - IDENTIFICADOR DE NÚMERO DE CONTROL
campo de control ES-MaACL
005 - FECHA Y HORA DE LA ÚLTIMA TRANSACCIÓN
campo de control 20231204172515.0
007 - CAMPO FIJO DE DESCRIPCIÓN FÍSICA--INFORMACIÓN GENERAL
campo de control de longitud fija t|
008 - DATOS DE LONGITUD FIJA--INFORMACIÓN GENERAL
campo de control de longitud fija 031105s1955 sp ||||1| spa d
100 1# - ENTRADA PRINCIPAL--NOMBRE DE PERSONA
Nombre de persona Esteve Barba, Francisco,
Fechas asociadas al nombre 1908-1968
9 (RLIN) 48142
245 10 - MENCIÓN DEL TÍTULO
Título Historia de la Cultura /
Mención de responsabilidad, etc. por Francisco Esteve Barba.
250 ## - MENCION DE EDICION
Mención de edición [1ª ed.].
260 ## - PUBLICACIÓN, DISTRIBUCIÓN, ETC.
Lugar de publicación, distribución, etc. Barcelona :
Nombre del editor, distribuidor, etc. Salvat,
Fecha de publicación, distribución, etc. [1955] (
Fabricante Imp. Hispano-Americana)
300 ## - DESCRIPCIÓN FÍSICA
Extensión 4 v. :
Otras características físicas il. ;
Dimensiones 25 cm.
505 8# - NOTA DE CONTENIDO CON FORMATO
Nota de contenido con formato Contiene : T.I: Oriente y Europa en la Edad Antigua. -- T.II: Europa en la Edad Antigua (continuación) : orígenes del Cristianismo y Edad Media. -- T.III: Renacimiento y Barroco : el nuevo espíritu europeo. --- T.IV: El nuevo espíritu europeo (continuación) : desde el romanicismo a nuestros días
650 04 - PUNTO DE ACCESO ADICIONAL DE MATERIA--TÉRMINO DE MATERIA
Término de materia o nombre geográfico como elemento de entrada Civilización-
Subdivisión general Historia
9 (RLIN) 11082
852 ## - LOCALIZACIÓN
Ubicación ES-MaACL
Número de control de estantería C-9848-51
Sublocalización o colección R.38506
Holdings
Estatus retirado Estado de pérdida Estado de daño No para préstamo Biblioteca de origen Biblioteca actual Ubicación en estantería Fecha de adquisición Fuente de adquisición Total de préstamos Signatura topográfica completa Código de barras Visto por última vez Precio de reemplazo Tipo de ítem Koha
        Biblioteca del Ateneo de Madrid Biblioteca del Ateneo de Madrid Sala Palomar 17/01/2008     C-9848-51 1063648 23/02/2023 23/02/2023 Libro impreso